| 000 | 00858nam a2200253 i 4500 | ||
|---|---|---|---|
| 001 | 185824 | ||
| 003 | SpMaBN | ||
| 005 | 20230906222527.0 | ||
| 008 | 160812s1988 sp ado |||| | spa d | ||
| 020 | _a84-85389-34-4 | ||
| 080 | _a634.0.17(46)(026) | ||
| 080 | _a635.976(46)(026) | ||
| 100 | 1 |
_aLópez González, Ginés A. _9160460 |
|
| 245 | 1 | 3 |
_aLa guía de Incafo de los árboles y arbustos de la Peninsula Ibérica / _cGinés López González. |
| 260 |
_aMadrid : _bIncafo, _c1988. |
||
| 300 |
_a866 p. : _bil., gráf., fot. col. ; _c20 x 11 cm. |
||
| 490 | 1 |
_aGuías verdes de Incafo ; _v4 |
|
| 500 | _aÍndice. | ||
| 650 | 7 |
_aÁrboles- _zEspaña. _9156753 |
|
| 650 | 7 |
_aArbustos- _zEspaña. _9156754 |
|
| 830 | 0 |
_aGuías verdes de Incafo ; _v4 _9225279 |
|
| 852 |
_aES-MaACL _jL-30541 _z. - Donat. Miguel A. Velasco |
||
| 999 |
_c185824 _d185824 |
||